000 00462nam a2200181Ia 4500
003 OSt
005 20251031151701.0
008 250729s2007 xx 000 0 und d
040 _cAL
041 _akan
082 _a370.76 NAGS
100 _aನಾಗರಾಜ ಪಿ
_9223704
245 _aಶೈಕ್ಶಣಿಕ ಕ್ರಿಯಾಸಂಶೋಧನೆ
260 _aGadag
_c2007
300 _a312p
650 _aPsychology
_9223705
942 _2ddc
_cBED
999 _c236041
_d236041